| 000 | 00530nam a2200193Ia 4500 | ||
|---|---|---|---|
| 999 |
_c37457 _d37457 |
||
| 003 | OSt | ||
| 005 | 20200930094105.0 | ||
| 008 | 190216s9999||||xx |||||||||||||| ||und|| | ||
| 020 | _a8171338240 | ||
| 040 | _coclc | ||
| 082 |
_a596 _bLAL/T |
||
| 100 |
_aLal, S S _95169 |
||
| 245 | 0 |
_aA Textbook Of Practical Zoology Vertebrate / _cS S Llal |
|
| 250 | _a9th Ed. | ||
| 260 |
_bRasthogi Publications, _aMeerut: _c2005. |
||
| 300 | _a470p | ||
| 650 | _aZoology | ||
| 942 |
_cBK _2ddc _h596 _iLAL/T _k596 _mLAL/T |
||